Mi sueño letárgico de nueve días (Record no. 109999)

MARC details
000 -LEADER
campo de control de longitud fija 00544nam a2200169 4500
001 - NÚMERO DE CONTROL
campo de control 109999
003 - IDENTIFICADOR DE NÚMERO DE CONTROL
campo de control ES-MaACL
005 - FECHA Y HORA DE LA ÚLTIMA TRANSACCIÓN
campo de control 20230906184946.0
007 - CAMPO FIJO DE DESCRIPCIÓN FÍSICA--INFORMACIÓN GENERAL
campo de control de longitud fija t|
008 - DATOS DE LONGITUD FIJA--INFORMACIÓN GENERAL
campo de control de longitud fija 061121s1970 sp r ||||1| spa d
100 1# - ENTRADA PRINCIPAL--NOMBRE DE PERSONA
Nombre de persona Moisseieva, Fanny Efimovna.
9 (RLIN) 81818
245 10 - MENCIÓN DEL TÍTULO
Título Mi sueño letárgico de nueve días
Resto del título : (lo que he visto) /
Mención de responsabilidad, etc. Fanny Moisseieva; traducción del ruso de Lino Cappucio.
260 ## - PUBLICACIÓN, DISTRIBUCIÓN, ETC.
Lugar de publicación, distribución, etc. Zaragoza :
Nombre del editor, distribuidor, etc. Círculo,
Fecha de publicación, distribución, etc. 1970.
300 ## - DESCRIPCIÓN FÍSICA
Extensión 175 p. ;
Dimensiones 18 cm.
700 1# - ENTRADA AGREGADA--NOMBRE PERSONAL
Nombre de persona Cappucio, Lino.
9 (RLIN) 34903
852 ## - LOCALIZACIÓN
Ubicación ES-MaACL
Número de control de estantería C-49606
Sublocalización o colección R.74287
Holdings
Estatus retirado Estado de pérdida Estado de daño No para préstamo Biblioteca de origen Biblioteca actual Ubicación en estantería Fecha de adquisición Fuente de adquisición Total de préstamos Signatura topográfica completa Código de barras Visto por última vez Precio de reemplazo Tipo de ítem Koha
        Biblioteca del Ateneo de Madrid Biblioteca del Ateneo de Madrid Depósito 2 17/01/2008     C-49606 1114768 23/02/2023 23/02/2023 Libro impreso